Synthesis, characterization and antimicrobial activity of some hydrazone derivatives /
محفوظ في:
| المؤلف الرئيسي: | |
|---|---|
| التنسيق: | أطروحة كتاب |
| اللغة: | English |
| منشور في: |
2007.
|
| الموضوعات: | |
| الوسوم: |
إضافة وسم
لا توجد وسوم, كن أول من يضع وسما على هذه التسجيلة!
|
| LEADER | 00913cam a2200253 a 4500 | ||
|---|---|---|---|
| 001 | u763414 | ||
| 003 | SIRSI | ||
| 005 | 200812120919 | ||
| 008 | 081212s2007 my a t 000 0 eng | ||
| 040 | |a UMM | ||
| 090 | |a QH302 |b UM 2008 Teo | ||
| 100 | 1 | |a Teoh, Hoe Leong. | |
| 245 | 1 | 0 | |a Synthesis, characterization and antimicrobial activity of some hydrazone derivatives / |c Teoh Hoe Leong. |
| 260 | |c 2007. | ||
| 300 | |a xv, 140 leaves : |b ill. ; |c 30 cm. | ||
| 502 | |a Dissertation (M.Sc.) -- Institut Sains Biologi, Fakulti Sains, Universiti Malaya, 2008. | ||
| 504 | |a Bibliography: leaves 100-125. | ||
| 596 | |a 1 | ||
| 650 | 0 | |a Hydrazones |x Analysis. | |
| 650 | 0 | |a Schiff bases |x Analysis. | |
| 650 | 0 | |a Microbiology. | |
| 710 | 2 | |a Universiti Malaya. |b Institut Sains Biologi. | |
| 900 | |a HA | ||
| 999 | |a QH302 UM 2008 TEO |w LC |c 1 |i A513285055 |d 11/6/2014 |e 11/6/2014 |f 10/1/2011 |g 1 |l STACKS |m P01UTAMA |n 2 |r Y |s Y |t TESIS |u 5/1/2011 | ||
